ბათუმის შოთა რუსთაველის სახელმწიფო უნივერსიტეტის ბიბლიოთეკა

ადვოკატი სამოქალაქო საქმეზე : (ბიბ.ჩანაწერი № 58431)

000 -ლიდერი
ფიქსირებული სიგრძის საკონტროლო ველი 01133nam a22002177a 4500
003 - საკონტროლო ნომრის იდენტიფიკატორი
საკონტროლო ველი Ge_BSU
005 - ბოლო ოპერაციის თარიღი და დრო
საკონტროლო ველი 20220207120212.0
008 - ფიქსირებული სიგრძის მონაცემთა ელემენტები - ზოგადი ინფორმაცია
ფიქსირებული სიგრძის საკონტროლო ველი 220207s2011 ge ||||| |||| 00| 0 geo d
041 ## - ენის კოდი
Language code of text/sound track or separate title geo
080 ## - უნივერსალური ათობითი კლასიფიკაციის ინდექსი
Universal Decimal Classification number 347.965(075.8) კ-16
100 ## - მთავარი ჩანაწერი - პიროვნების სახელი
Personal name კაიშაური, ბესიკ
9 (RLIN) 13483
245 ## - ცნობა სათაურის შესახებ
Title ადვოკატი სამოქალაქო საქმეზე :
Remainder of title პრაქტიკული სახელმძღვანელო /
Statement of responsibility, etc ბესიკ კაიშაური. [რედ. როინ მიგრიაული].
264 ## - წარმოების, გამოცემის, დისტრიბუციის და სხვა ცნობები
გამოცემის, წარმოების, დისტრიბუციის... ადგილი თბილისი:
გამოცემის, წარმოების, დისტრიბუციის... სახელწოდება ბონა კაუზა,
გამოცემის, წარმოების, დისტრიბუციის... თარიღი 2011.
300 ## - ფიზიკური აღწერა
Extent 162 გვ. ;
Other physical details 20 სმ.
440 ## - სერიის ცნობა / დამატებულია ჩანაწერი - სათაური
Title იურისტის ბიბლიოთეკა
9 (RLIN) 137
504 ## - BIBLIOGRAPHY, ETC. NOTE
Bibliography, etc ბიბლიოგრ.: გვ. 156.
653 ## - INDEX TERM--UNCONTROLLED
Uncontrolled term საადვოკატო მომსახურეობა - პრაქტიკული სახელმძღვანელოები.
653 ## - INDEX TERM--UNCONTROLLED
Uncontrolled term სამართალი
700 ## - ADDED ENTRY--PERSONAL NAME
Personal name მიგრიაული, როინ
Relator term რედაქტორი
9 (RLIN) 1056
942 ## - ADDED ENTRY ELEMENTS (KOHA)
Source of classification or shelving scheme
Koha item type წიგნი
ეგზემპლარები
ჩამოწერის სტატუსი დაკარგული ეგზემპლარის სტატუსი კლასიფიკაციის წყარო ან თაროზე გაწყობის სქემა დაზიანების სტატუსი არ გაიცემა მუდმივი მდებარეობა (დაცვის ადგილი) ამჟამინდელი ადგილსამყოფელი თაროზე განთავსების ადგილი შეძენის თარიღი ღირებულება, შესყიდვის ნორმალური ფასი სრული შენახვის შიფრი შტრიხკოდი ბოლო ოპერაციის თარიღი ეგზემპლარის მიმდევრობითი ნომერი (კეტერი?) ფასის ძალაში შესვლის თარიღი ეგზემპლარის სახეობა საჯარო შენიშვნა
          ბათუმის შოთა რუსთაველის სახელმწიფო უნივერსიტეტის მთავარი ბიბლიოთეკა ბათუმის შოთა რუსთაველის სახელმწიფო უნივერსიტეტის მთავარი ბიბლიოთეკა წიგნსაცავი 2022-02-07 12.00 347.965(075.8) კ-16 62145 2022-02-07 62145 2022-02-07 წიგნი 12 ლ.